| 000 | 01234nam a22002897a 4500 | ||
|---|---|---|---|
| 999 |
_c120684 _d120684 |
||
| 003 | dpl | ||
| 005 | 20200201150149.0 | ||
| 008 | 200201b ||||| |||| 00| 0 eng d | ||
| 010 | _aB-138046 | ||
| 020 |
_c200.00 _a8181431421 |
||
| 035 | _aB-138046 | ||
| 037 | _bCen Lib/Ret | ||
| 040 |
_aDPL _bHN _cDBAD/PUB |
||
| 082 |
_a080 _bभट्टम |
||
| 100 |
_aभट्ट, महेश _991938 |
||
| 245 |
_aजिद जीतने की / _cमहेश भट्ट; अनुवादक अजय ब्रह्मात्मज |
||
| 246 |
_aZid jeetne ki / _bby Mahesh Bhatt; anuvadak Ajay Brahmatmaj |
||
| 260 |
_aनई दिल्ली _bवाणी प्रकाशन _c2004 |
||
| 270 |
_a21ए दरियागंज _bनई दिल्ली _e110002 |
||
| 300 |
_a160पृ. _c21सेमी (सजिल्द) |
||
| 650 |
_aचलचित्र उद्योग - भारत। _991939 |
||
| 650 |
_aचलचित्र उद्योग _9239 |
||
| 650 |
_aMotion picture industry -- India. _923816 |
||
| 650 |
_aMotion picture industry _923817 |
||
| 700 |
_aब्रह्मात्मज, अजय _948753 |
||
| 942 |
_2ddc _cHN _h080 _mभट्टम |
||